000 00481nam a2200181Ia 4500
008 170705s9999 xx 000 0 und d
020 _a9781403772985
245 _aGrover's 10 terrific ways to help our wonderful world /
245 _cby Anna Ross ; illustrated by Tom Leigh.
260 _aNew York :
260 _bScholastic,
260 _c2010
300 _aunpaged :
300 _bcolor illustration ;
300 _c20cm.
440 _aSesame street.
500 _a630
999 _c337326
_d337326